Las condiciones del suelo y el desarrollo de las plantas / (Record no. 136588)

MARC details
000 -LEADER
campo de control de longitud fija 00891nam a2200217 i 4500
001 - NÚMERO DE CONTROL
campo de control 136588
003 - IDENTIFICADOR DE NÚMERO DE CONTROL
campo de control ES-MaACL
005 - FECHA Y HORA DE LA ÚLTIMA TRANSACCIÓN
campo de control 20251001143817.0
007 - CAMPO FIJO DE DESCRIPCIÓN FÍSICA--INFORMACIÓN GENERAL
campo de control de longitud fija t|
008 - DATOS DE LONGITUD FIJA--INFORMACIÓN GENERAL
campo de control de longitud fija 070214s1954 sp r ||||1| spa d
100 1# - ENTRADA PRINCIPAL--NOMBRE DE PERSONA
Nombre de persona Russell, Edward J.
Títulos y otros términos asociados al nombre Sir.
9 (RLIN) 101038
245 14 - MENCIÓN DEL TÍTULO
Título Las condiciones del suelo y el desarrollo de las plantas /
Mención de responsabilidad, etc. por Sir E. John Russell y E. Walter Russell ; traducción de la 8ª edición inglesa y nota preliminar por Gaspar González y González ; con prólogo del Excmo. Sr. D. José María Albareda.
260 ## - PUBLICACIÓN, DISTRIBUCIÓN, ETC.
Lugar de publicación, distribución, etc. Madrid :
Nombre del editor, distribuidor, etc. Aguilar,
Fecha de publicación, distribución, etc. 1954.
300 ## - DESCRIPCIÓN FÍSICA
Extensión XXIV, 770 p., 1 lám. :
Otras características físicas il. ;
Dimensiones 22 cm.
650 04 - PUNTO DE ACCESO ADICIONAL DE MATERIA--TÉRMINO DE MATERIA
Término de materia o nombre geográfico como elemento de entrada Edafología.
9 (RLIN) 135952
700 1# - ENTRADA AGREGADA--NOMBRE PERSONAL
Nombre de persona Russell, E. Walter.
9 (RLIN) 101040
700 1# - ENTRADA AGREGADA--NOMBRE PERSONAL
Nombre de persona González y González, Gaspar.
9 (RLIN) 59033
700 1# - ENTRADA AGREGADA--NOMBRE PERSONAL
Nombre de persona Albareda Herrera, José María,
Fechas asociadas al nombre 1902-1966
9 (RLIN) 157514
852 ## - LOCALIZACIÓN
Ubicación ES-MaACL
Número de control de estantería C-8511
Sublocalización o colección R.36453
Holdings
Estatus retirado Estado de pérdida Estado de daño No para préstamo Biblioteca de origen Biblioteca actual Ubicación en estantería Fecha de adquisición Fuente de adquisición Total de préstamos Signatura topográfica completa Código de barras Visto por última vez Precio de reemplazo Tipo de ítem Koha
        Biblioteca del Ateneo de Madrid Biblioteca del Ateneo de Madrid Sala Palomar 17/01/2008     C-8511 1142150 23/02/2023 23/02/2023 Libro impreso